00679nam a2200241 a 4500001001300000003000900013005001700022008004100039020001000080082001500090100002200105245003200127260003200159300000800191500003500199505001500234650002000249700002200269902000800291942000700299952011600306999001500422nice12345678IN_TiNIC20260116013030.0050524s1977 u.ka grp 000 0 eng  ac10000a299.6bOPE aOpen University,  aAspects of African Religion aU.K.bOpen Universityc1977 a55p aincludes index and biblioraphy2 aAppendices aReligion-Africa1 aOpen University,  bSRS cBK 001040708StackRoom-aHMIbHMId2007-07-02g100.00l0o299.6 OPEp014481r2007-07-02v100.00w2005-05-24yBK c9360d9360